01013nam a2200289Ia 450000500170000000800570001702000180007404100080009208200180010010000190011824501030013725000220024030000630026250000210032550000330034665000270037965000310040665000350043765000340047265000360050670000210054226400370056333600270060033700330062733800280066004000350068820220317000401.000003022011 sp ao g spa spa a9788475566924 aspa04a646.727bT67u1 aToselli, Leigh10aUñas bonitasblos secretos de los profesionalescLeigh Toselli ; traducción de Mónica Campos aPrimera edición a254 páginasbilustraciones, fotografías a colorc22 cm aIncluye glosario aIncluye índice analítico142LEMBaBelleza personal142LEMBaManicuraxTécnicas142LEMBaManosxCuidado e higiene142LEMBaPiesxCuidado e higiene142LEMBaUñasxCuidado e higiene1 aCampos, Mónica aBarcelonabOcéanobAmbarc2011 atextobtxt2rdacontent asin mediaciónbn2rdamedia avolumenbnc2rdacarrier aCO-BoRNBPbspaerdacCO-BoRNBP